Ocho temas básicos para un curso de cooperativismo

Gespeichert in:
Bibliographische Detailangaben
Körperschaft: Instituto Nacional de Fomento Cooperativo (Costa Rica)
Format: Text
Veröffentlicht: San José: INFOCOOP. Sección Publicaciones
Ausgabe:3
Tags: Tag hinzufügen
Keine Tags, Fügen Sie den ersten Tag hinzu!

MARC

LEADER 00000 a a2200000 04500
001 14266
003
040
090 |a 017900  
110 |a Instituto Nacional de Fomento Cooperativo (Costa Rica)  
245 |a Ocho temas básicos para un curso de cooperativismo  
250 |a 3  
260 |a San José:   |b INFOCOOP. Sección Publicaciones  
300 |a 108 p.  
999 |c 13564  |d 13564